| Tag |
First Indicator |
Second Indicator |
Subfields |
| LEADER |
00000nam a2200000Ia 4500 |
| 001 |
in00004294875 |
| 005 |
20200810080437.0 |
| 006 |
m g d |
| 007 |
cr bn |||a|bb| |
| 008 |
851018s1642 enk o 00| | eng d |
| 035 |
|
|
|a (OCoLC)12688765
|
| 040 |
|
|
|a EAA
|c EAA
|d m/c
|d WaOLN
|
| 037 |
|
|
|a CL0037000007
|b ProQuest Information and Learning. 300 N. Zeeb Rd., Ann Arbor, MI 48106
|
| 049 |
|
|
|a UMIA
|
| 245 |
0 |
0 |
|a Newes from Ireland, relating hovv Captaine Vaughan put to the sword 300 armed rebels, and how the Earle of Castle-haven, Sir Hen. Elmar, Sir Nich. White, and his 2 sons are imprisoned as traytors in Dublin Castle :
|b together vvith the copies of 2 letters from Yorke, dated Julii 8, 1642 : relating how the King hath besiedged Hull, and how Sir John Hotham hath drowned the country thereabout.
|
| 260 |
|
|
|a London :
|b Printed for John Sweeting,
|c July 12, 1642.
|
| 300 |
|
|
|a 1 online resource ([2], 5, [1] pages)
|
| 336 |
|
|
|a text
|b txt
|2 rdacontent
|
| 337 |
|
|
|a computer
|b c
|2 rdamedia
|
| 338 |
|
|
|a online resource
|b cr
|2 rdacarrier
|
| 500 |
|
|
|a At head of t.p.: July 12, 1642.
|
| 500 |
|
|
|a Reproduction of original in Thomason Collection, British Library.
|
| 510 |
4 |
|
|a Wing
|c N974
|
| 533 |
|
|
|a Electronic reproduction.
|b Ann Arbor, Mich. :
|c UMI,
|d 1999-
|f (Early English books online)
|n Digital version of: (Early English books, 1641-1700 ; 252:E154, no 41)
|7 s1999 miun s
|
| 600 |
1 |
0 |
|a Castlehaven, James Touchet,
|c Earl of,
|d 1617?-1684.
|
| 600 |
1 |
0 |
|a Elmar, Henry,
|c Sir.
|
| 600 |
1 |
0 |
|a Vaughan, Henry.
|
| 600 |
1 |
0 |
|a White, Nicholas,
|c Sir.
|
| 651 |
|
0 |
|a Ireland
|x History
|y Rebellion of 1641.
|
| 830 |
|
0 |
|a Early English books online.
|
| 856 |
4 |
0 |
|u http://proxy.library.tamu.edu/login?url=https://search.proquest.com/docview/2240991355
|z Connect to the full text of this electronic book
|t 0
|
| 999 |
f |
f |
|s 4684a6b5-2490-3eeb-a674-843bd54c5012
|i a3fd98d3-c4b3-3ffd-9229-3683fa51bf1d
|t 0
|
| 952 |
f |
f |
|a Texas A&M University
|b College Station
|c Electronic Resources
|d Available Online
|t 0
|h No information provided
|
| 998 |
f |
f |
|t 0
|l Available Online
|